広島東洋カープの選手 - Statistics

General Stats
  • This quiz has been taken 35 times
  • The average score is 58 of 76
Answer Stats
Hint Answer % Correct
#51 小園 海斗
100%
#13 森浦 大輔
94%
#14 大瀬良 大地
94%
#16 森 翔平
94%
#18 森下 暢仁
94%
#20 栗林 良吏
94%
#67 中村 祐太
94%
#128 中村 来生
94%
#22 中村 奨成
94%
#27 會澤 翼
94%
#31 坂倉 将吾
94%
#32 石原 貴規
94%
#0 上本 崇司
94%
#2 田中 広輔
94%
#7 堂林 翔太
94%
#33 菊池 涼介
94%
#44 林 晃汰
94%
#61 矢野 雅哉
94%
#69 羽月 隆太郎
94%
#5 西川 龍馬
94%
#9 秋山 翔吾
94%
#37 野間 峻祥
94%
#50 中村 健人
94%
#97 中村 貴浩
94%
#11 九里 亜蓮
88%
#19 野村 祐輔
88%
#21 中崎 翔太
88%
#24 黒原 拓未
88%
#28 床田 寛樹
88%
#66 遠藤 淳志
88%
#10 マクブルーム
88%
#12 大道 温貴
81%
#29 ケムナ 誠
81%
#36 塹江 敦哉
81%
#40 磯村 嘉孝
81%
#99 二俣 翔一
81%
#52 末包 昇大
81%
#55 松山 竜平
81%
#60 田村 俊介
81%
#23 薮田 和樹
75%
#34 高橋 昂也
75%
#41 矢崎 拓也
75%
#48 アドゥワ 誠
75%
#65 玉村 昇悟
75%
#00 曽根 海成
75%
#54 韮澤 雄也
75%
#95 デビッドソン
75%
#38 宇草 孔基
75%
#56 久保 修
75%
#17 岡田 明丈
69%
#26 益田 武尚
69%
#30 一岡 竜司
69%
#43 島内 颯太郎
69%
#98 コルニエル
69%
#57 持丸 泰輝
69%
#63 内田 湘大
69%
#59 大盛 穂
69%
#39 長谷部 銀次
63%
#46 河野 佳
63%
#47 斎藤 優汰
63%
#49 戸根 千明
63%
#68 ターリー
63%
#62 清水 叶人
63%
#35 三好 匠
63%
#42 アンダーソン
56%
#45 松本 竜也
56%
#53 小林 樹斗
56%
#127 前川 誠太
56%
#64 高木 翔斗
50%
#121 名原 典彦
50%
#58 藤井 黎來
44%
#126 新家 颯
44%
#120 行木 俊
38%
#122 坂田 怜
38%
#124 木下 元秀
38%
#125 辻 大雅
31%
No matching quizzes found
Score Distribution
Percent of People with Each Score
Percentile by Number Answered
Your Score History
You have not taken this quiz